words start N [250 common english word] - Statistics

General Stats
  • This quiz has been taken 16 times
  • The average score is 5 of 9
Answer Stats
lp Answer % Correct
7 no
100%
5 never
73%
8 now
67%
2 new
60%
6 night
60%
3 need
53%
1 name
47%
4 near
40%
9 north
33%
No matching quizzes found
Score Distribution
Percent of People with Each Score
Percentile by Number Answered
Your Score History
You have not taken this quiz